000 00847nam a2200277 a 4500
001 25848
003 CO-ViMGA
008 141112s2004 ck r 000 u spa d
020 _a9789588699363
040 _aCO-ViMGA
_bspa
_cCO-ViMGA
041 _aSPA
090 _aN BAR12
100 1 _aBaricco, Alessandro, 1958 -
_940194
245 1 0 _aMr Gwyn /
_cAlessandro Baricco ; traducción de Xavier González Rovira
250 _a1a ed.
260 _aBogotá :
_bAnagrama,
_c2013
300 _a178 p.
490 _aPanorama de narrativas
500 _aTítulo original : Mr Gwyn.
650 1 4 _aAUTORES ITALIANOS - SIGLO XX
_940195
650 1 4 _aESCRITORES - NOVELA
_940196
650 1 4 _aLITERATURA ITALIANA - SIGLO XX
_940197
650 1 4 _aNOVELA ITALIANA - SIGLO XX
_940198
700 1 _aGonzález Rovira, Xavier
_940199
942 _2ddc
_cBK
999 _c5413
_d5413